| 000 | 00706nam a2200253Ia 4500 | ||
|---|---|---|---|
| 001 | Para_4382 | ||
| 003 | CHAP | ||
| 008 | 220125s1961 xx 000 0 und d | ||
| 010 | _a202895 | ||
| 040 | _cCHAP | ||
| 090 | _aPA FOLLETO 1914 | ||
| 245 |
_aThe house fly how to control it / _c Entomology Research Division |
||
| 260 |
_aWashington : _b Department of Agriculture |
||
| 300 | _a7 p. | ||
| 440 |
_aEUA. Dep. Agr. Leaflet; 390 _9168371 |
||
| 650 |
_aMusca doméstica Control de plagas _9168372 |
||
| 901 | _aPA FOLLETO 1914 | ||
| 902 | _aA | ||
| 905 | _a0000001961 WAS 0000000000 00 | ||
| 910 | _a1961 | ||
| 942 | _cPARA | ||
| 942 |
_cPARA _d1 |
||
| 999 |
_c202895 _d202895 |
||